| 000 | 01612nam a2200421Ia 4500 | ||
|---|---|---|---|
| 001 | ebr10478156 | ||
| 003 | CaPaEBR | ||
| 006 | m u | ||
| 007 | cr cn||||||||| | ||
| 008 | 110107s2011 enk sb 001 0 eng d | ||
| 010 | _z 2011000601 | ||
| 020 | _z9781847693501 | ||
| 020 | _z1847693504 | ||
| 020 | _z9781847693495 | ||
| 020 | _z1847693490 | ||
| 020 | _z9781847693518 | ||
| 020 | _z1847693512 | ||
| 040 |
_aCaPaEBR _cCaPaEBR |
||
| 035 | _a(OCoLC)703445893 | ||
| 050 | 1 | 4 |
_aPE1068.C5 _bE54 2011eb |
| 082 | 0 | 4 |
_a428.0071/051 _222 |
| 245 | 0 | 0 |
_aEnglish language education across greater China _h[electronic resource] / _cedited by Anwei Feng. |
| 260 |
_aBristol, UK ; _aTonawanda, NY : _bMultilingal Matters, _cc2011. |
||
| 300 | _axii, 286 p. | ||
| 490 | 1 |
_aBilingual education & bilingualism ; _v80 |
|
| 504 | _aIncludes bibliographical references and index. | ||
| 533 |
_aElectronic reproduction. _bPalo Alto, Calif. : _cebrary, _d2011. _nAvailable via World Wide Web. _nAccess may be limited to ebrary affiliated libraries. |
||
| 650 | 0 |
_aEnglish language _xStudy and teaching _zChina. |
|
| 650 | 0 |
_aEnglish language _xStudy and teaching _xForeign speakers. |
|
| 650 | 0 |
_aEnglish language _xSocial aspects _zChina. |
|
| 650 | 0 | _aBilingualism. | |
| 650 | 0 | _aLanguage acquisition. | |
| 655 | 7 |
_aElectronic books. _2local |
|
| 700 | 1 |
_aFeng, Anwei, _d1954- |
|
| 710 | 2 | _aebrary, Inc. | |
| 830 | 0 |
_aBilingual education and bilingualism ; _v80. |
|
| 856 | 4 | 0 |
_uhttp://site.ebrary.com/lib/rucke/Doc?id=10478156 _zAn electronic book accessible through the World Wide Web; click to view |
| 999 |
_c222847 _d222847 |
||